<?xml version="1.0" encoding="UTF-8"?>
<record
    xmlns:xsi="http://www.w3.org/2001/XMLSchema-instance"
    xsi:schemaLocation="http://www.loc.gov/MARC21/slim http://www.loc.gov/standards/marcxml/schema/MARC21slim.xsd"
    xmlns="http://www.loc.gov/MARC21/slim">

  <leader>00677cam a22002177i 4500</leader>
  <datafield tag="999" ind1=" " ind2=" ">
    <subfield code="c">117381</subfield>
    <subfield code="d">117381</subfield>
  </datafield>
  <controlfield tag="001">20977493</controlfield>
  <controlfield tag="005">20200513145308.0</controlfield>
  <controlfield tag="008">181204t20192019enkabf e b    001 0beng  </controlfield>
  <datafield tag="020" ind1=" " ind2=" ">
    <subfield code="a">9781847922144</subfield>
  </datafield>
  <datafield tag="020" ind1=" " ind2=" ">
    <subfield code="a">9781847926012</subfield>
  </datafield>
  <datafield tag="040" ind1=" " ind2=" ">
    <subfield code="c">PK-LaUMT</subfield>
  </datafield>
  <datafield tag="082" ind1="0" ind2="4">
    <subfield code="a">956.014092</subfield>
    <subfield code="2">23</subfield>
    <subfield code="b">PHI-L</subfield>
  </datafield>
  <datafield tag="100" ind1="1" ind2=" ">
    <subfield code="a">Phillips, Jonathan</subfield>
  </datafield>
  <datafield tag="245" ind1="1" ind2="4">
    <subfield code="a">The life and legend of the Sultan Saladin /</subfield>
    <subfield code="c">by Jonathan Phillips</subfield>
  </datafield>
  <datafield tag="260" ind1=" " ind2=" ">
    <subfield code="a">London :</subfield>
    <subfield code="b">The Bodley Head,</subfield>
    <subfield code="c">2019</subfield>
  </datafield>
  <datafield tag="300" ind1=" " ind2=" ">
    <subfield code="a">xvii, 478 p., 16 unnumbered pages of plates :</subfield>
    <subfield code="b">illustrations (some color), maps ;</subfield>
    <subfield code="c">24 cm</subfield>
  </datafield>
  <datafield tag="650" ind1=" " ind2="0">
    <subfield code="a">Crusades</subfield>
    <subfield code="y">Third, 1189-1192.</subfield>
  </datafield>
  <datafield tag="650" ind1=" " ind2="7">
    <subfield code="a">Crusades.</subfield>
  </datafield>
  <datafield tag="650" ind1=" " ind2="7">
    <subfield code="a">Kings and rulers.</subfield>
  </datafield>
  <datafield tag="942" ind1=" " ind2=" ">
    <subfield code="c">BK</subfield>
  </datafield>
  <datafield tag="952" ind1=" " ind2=" ">
    <subfield code="0">0</subfield>
    <subfield code="1">0</subfield>
    <subfield code="4">0</subfield>
    <subfield code="7">0</subfield>
    <subfield code="a">01</subfield>
    <subfield code="b">01</subfield>
    <subfield code="d">2020-05-13</subfield>
    <subfield code="l">1</subfield>
    <subfield code="o">956.014092 PHI-L</subfield>
    <subfield code="p">132874</subfield>
    <subfield code="q">2021-04-02</subfield>
    <subfield code="r">2021-03-19 00:00:00</subfield>
    <subfield code="s">2021-03-19</subfield>
    <subfield code="w">2020-05-13</subfield>
    <subfield code="y">BK</subfield>
  </datafield>
  <datafield tag="952" ind1=" " ind2=" ">
    <subfield code="0">0</subfield>
    <subfield code="1">0</subfield>
    <subfield code="4">0</subfield>
    <subfield code="7">0</subfield>
    <subfield code="a">01</subfield>
    <subfield code="b">01</subfield>
    <subfield code="d">2021-01-08</subfield>
    <subfield code="l">9</subfield>
    <subfield code="o">956.014092 PHI-L</subfield>
    <subfield code="p">136179</subfield>
    <subfield code="r">2026-01-24 11:27:55</subfield>
    <subfield code="s">2025-12-23</subfield>
    <subfield code="t">C.2</subfield>
    <subfield code="w">2021-01-08</subfield>
    <subfield code="y">BK</subfield>
  </datafield>
</record>
